00801 2200241 4500001002100000005001700021008004100038035002400079082001000103090002100113100002100134245016700155260002900322300003100351500006100382500003100443650002400474850001600498980001500514985000600529986000900535999001500544YOGYA-0209000004493120090227030602.0 ind  0010-020900000044931 a363.7 a363.7bSri ElSK aSRI SUKARMIYATUN aEvaluasi pengelolaan kualitas lingkungan pedesaanbstudi kasus di desa Wiladeg dan desa Bejiharjo wilayah Karangmojo Kabupaten Gunung Kidulcoleh Sri Sukarmiyatun aYogyakartab[s.n.]c1995 axv, 76 lembarbilusc29 cm aSkripsi Sekolah Tinggi Teknik Liengkungan YLH Yogyakarta aBibliografi : lembar 74-75 aLingkungan, masalah aYOPDYOG [B] a18-01-2008 a1 aRuni a07A0028262